Statistics for Regions of Countries *8

Click here to take the quiz!

General Stats

  • This quiz has been taken 233 times
  • The average score is 12 of 20

Answer Stats

RegionCountry% Correct
EnglandUnited Kingdom
100%
BaliIndonesia
92%
BasqueSpain
91%
Nova ScotiaCanada
89%
LorraineFrance
86%
Schleswig-HolsteinGermany
86%
VaduzLiechtenstein
86%
Eastern CapeSouth Africa
80%
Paraná StateBrazil
74%
Somali RepublicEthiopia
69%
CalabriaItaly
69%
SvealandSweden
67%
ChukotkaRussia
56%
Karlovy VaryCzech Republic
42%
Rif DimashqSyria
32%
Gozo and CominoMalta
31%
Madre de DiosPeru
27%
Red River DeltaVietnam
25%
New BritainPapua New Guinea
19%
Pohnpei StateFederated States of Micronesia
15%

Score Distribution

Percentile by Number Answered

Percent of People with Each Score

Your Score History

You have not taken this quiz